Archaeological field methods : (Record no. 23531)

MARC details
000 -LEADER
fixed length control field 00766cam a2200253 a 4500
001 - CONTROL NUMBER
control field 884092
003 - CONTROL NUMBER IDENTIFIER
control field BDDh-ASL
005 - DATE AND TIME OF LATEST TRANSACTION
control field 20231015030244.0
008 - FIXED-LENGTH DATA ELEMENTS--GENERAL INFORMATION
fixed length control field 810714s19851981mnua b 001 0 eng
010 ## - LIBRARY OF CONGRESS CONTROL NUMBER
LC control number 80069485
020 ## - INTERNATIONAL STANDARD BOOK NUMBER
International Standard Book Number 0808704400 (pbk.)
040 ## - CATALOGING SOURCE
Original cataloging agency DLC
Transcribing agency DLC
Modifying agency DLC
-- BDDh-ASL
050 00 - LIBRARY OF CONGRESS CALL NUMBER
Classification number CC76
Item number .D36
082 00 - DEWEY DECIMAL CLASSIFICATION NUMBER
Classification number 930.1028
Edition number 19
Item number DAA
100 1# - MAIN ENTRY--PERSONAL NAME
Personal name Dancey, William S.
245 10 - TITLE STATEMENT
Title Archaeological field methods :
Remainder of title an introduction /
Statement of responsibility, etc. William S. Dancey.
260 ## - PUBLICATION, DISTRIBUTION, ETC.
Place of publication, distribution, etc. Minneapolis, Minn. :
Name of publisher, distributor, etc. Burgess Pub. Co.,
Date of publication, distribution, etc. c1981.
300 ## - PHYSICAL DESCRIPTION
Extent vi, 186 p. :
Other physical details ill. ;
Dimensions 22 cm.
500 ## - GENERAL NOTE
General note Includes index.
504 ## - BIBLIOGRAPHY, ETC. NOTE
Bibliography, etc. note Bibliography: p. 173-181.
650 #0 - SUBJECT ADDED ENTRY--TOPICAL TERM
Topical term or geographic name entry element Archaeology
General subdivision Fieldwork.
906 ## - LOCAL DATA ELEMENT F, LDF (RLIN)
a 7
b cbc
c orignew
d 2
e opcn
f 19
g y-gencatlg
942 ## - ADDED ENTRY ELEMENTS (KOHA)
Source of classification or shelving scheme Dewey Decimal Classification
Koha item type Books
Holdings
Withdrawn status Lost status Source of classification or shelving scheme Damaged status Not for loan Collection code Home library Current library Shelving location Date acquired Source of acquisition Total Checkouts Full call number Barcode Date last seen Copy number Price effective from Koha item type Public note
    Dewey Decimal Classification     Non-fiction Asiatic Society Library Asiatic Society Library General Stacks 03/27/2021 ASB Library Collections   930.1028 DAA 107997 03/27/2021 C-1 03/27/2021 Books RARE

Powered by Koha